<?xml version="1.0" encoding="UTF-8"?>
<record
    xmlns:xsi="http://www.w3.org/2001/XMLSchema-instance"
    xsi:schemaLocation="http://www.loc.gov/MARC21/slim http://www.loc.gov/standards/marcxml/schema/MARC21slim.xsd"
    xmlns="http://www.loc.gov/MARC21/slim">

  <leader>01718cam a22002413a 4500</leader>
  <controlfield tag="001">16266</controlfield>
  <controlfield tag="003">PGUSA</controlfield>
  <controlfield tag="005">20140828083340.0</controlfield>
  <controlfield tag="008">050712s2005||||xxu|||||s|||||000 | eng d</controlfield>
  <datafield tag="040" ind1=" " ind2=" ">
    <subfield code="a">PGUSA</subfield>
    <subfield code="b">eng</subfield>
  </datafield>
  <datafield tag="042" ind1=" " ind2=" ">
    <subfield code="a">dc</subfield>
  </datafield>
  <datafield tag="050" ind1=" " ind2="4">
    <subfield code="a">BF</subfield>
  </datafield>
  <datafield tag="245" ind1="1" ind2="0">
    <subfield code="a">Harvard Psychological Studies, Volume 1 :</subfield>
    <subfield code="b">Containing Sixteen Experimental Investigations from the Harvard Psychological Laboratory.</subfield>
    <subfield code="h">[electronic resource]</subfield>
  </datafield>
  <datafield tag="260" ind1=" " ind2=" ">
    <subfield code="b">Project Gutenberg,</subfield>
    <subfield code="c">2005</subfield>
  </datafield>
  <datafield tag="505" ind1="0" ind2=" ">
    <subfield code="a">Preface, H. M&#xFC;nsterberg -- Studies in perception: Eye-movement and central an&#xE6;sthesia, E.B. Holt. Tactual illusions, C.H. Rieber, Tactual time estimation, K. Dunlap. Perception of number through touch, J.F. Messenger. The subjective horizon, R. MacDougall. The illusion of resolution-stripes on the color-wheel, E.B. Holt -- Studies in memory: Recall of words, objects and movements, H.A. Peterson. Mutual inhibition of memory images, F. Meakin. Control of the memory image, C.S. Moore -- Studies in &#xE6;sthetic processes: The structure of simple rhythm forms, R. MacDougall. Rhythm and rhyme, R.H. Stetson. Studies in symmetry, E.D. Puffer. The &#xE6;sthetics of unequal division, R.P. Angier -- Studies in animal psychology: Habit formation in the crawfish, Camburus affinis, R.M. Yerkes and G.E. Huggins. The instincts, habits and reactions of the frog, R.M. Yerkes -- Studies in psychological theory: The position of psychology in the system of knowledge, H. M&#xFC;nsterberg.</subfield>
  </datafield>
  <datafield tag="506" ind1=" " ind2=" ">
    <subfield code="a">Public domain in the USA.</subfield>
  </datafield>
  <datafield tag="516" ind1=" " ind2=" ">
    <subfield code="a">Electronic text</subfield>
  </datafield>
  <datafield tag="653" ind1=" " ind2=" ">
    <subfield code="a">Psychology, Experimental</subfield>
  </datafield>
  <datafield tag="700" ind1="1" ind2=" ">
    <subfield code="a">M&#xFC;nsterberg, Hugo,</subfield>
    <subfield code="d">1863-1916</subfield>
  </datafield>
  <datafield tag="830" ind1=" " ind2="0">
    <subfield code="a">Project Gutenberg</subfield>
    <subfield code="v">16266</subfield>
  </datafield>
  <datafield tag="856" ind1="4" ind2="0">
    <subfield code="u">http://www.gutenberg.org/ebooks/16266</subfield>
  </datafield>
  <datafield tag="942" ind1=" " ind2=" ">
    <subfield code="c">EB</subfield>
  </datafield>
  <datafield tag="999" ind1=" " ind2=" ">
    <subfield code="c">245521</subfield>
    <subfield code="d">245521</subfield>
  </datafield>
  <datafield tag="952" ind1=" " ind2=" ">
    <subfield code="0">0</subfield>
    <subfield code="1">0</subfield>
    <subfield code="4">0</subfield>
    <subfield code="a">GTB</subfield>
    <subfield code="b">GTB</subfield>
    <subfield code="d">2014-08-28</subfield>
    <subfield code="l">0</subfield>
    <subfield code="r">2014-08-28 00:00:00</subfield>
    <subfield code="w">2014-08-28</subfield>
    <subfield code="y">EB</subfield>
  </datafield>
</record>
